Statistics for Metal Album Covers #1

Click here to take the quiz!

General Stats

  • This quiz has been taken 236 times
  • The average score is 9 of 15

Answer Stats

Answer% Correct
Master of Puppets (Metallica)
98%
Paranoid (Black Sabbath)
86%
Rust in Peace (Megadeth)
78%
Iowa (Slipknot)
74%
Painkiller (Judas Priest)
71%
Reign in Blood (Slayer)
71%
Vulgar Display of Power (Pantera)
71%
Holy Diver (Dio)
69%
Powerslave (Iron Maiden)
68%
Follow the Leader (Korn)
58%
System of a Down (System of a Down)
57%
City of Evil (Avenged Sevenfold)
33%
Octavarium (Dream Theater)
29%
Sempiternal (Bring Me the Horizon)
23%
The Poison (Bullet for my Valentine)
20%

Score Distribution

Percentile by Number Answered

Percent of People with Each Score

Your Score History

You have not taken this quiz